| 000 | 00524nam a2200181 a 4500 | ||
|---|---|---|---|
| 001 | 4522 | ||
| 003 | CDMR | ||
| 005 | 20131126173640.0 | ||
| 008 | 130130s1966||||||||||||||||||||||||||||d | ||
| 040 |
_aCDMR _bcat _cCDMR |
||
| 245 | 0 |
_aEspaña 66 _b: libertad de prensa e imprenta |
|
| 260 |
_aMadrid _c1966 _bServicio Informativo Español |
||
| 300 | _a174 p. | ||
| 490 | 0 |
_aDocumentos Informativos _v12 |
|
| 650 | 0 | 4 |
_94150 _aLlibertat d'impremta _zEspanya |
| 650 | 0 | 4 |
_94383 _aPremsa _zEspanya _xDret i legislació |
| 942 |
_cMON _2udc |
||
| 999 |
_c4522 _d4522 |
||